| 000 | 01752nam a2200373 c 4500 | ||
|---|---|---|---|
| 003 | BLK | ||
| 005 | 20241213133441.0 | ||
| 008 | 180410b bul|||||r ||||||| ||bul|| | ||
| 010 | _aKNG00170296000 | ||
| 020 |
_a978-954-655-431-4 _bиздат.: Бард |
||
| 040 | _aBLK | ||
| 041 |
_aBUL _cBUL |
||
| 072 | 7 |
_2bullib _aН83 _xЧужда художествена литература Н |
|
| 080 |
_aАмериканска литература (на САЩ) _b821.111(73) _x-322.9 _z821.111(73)-322.9 |
||
| 100 | 1 |
_aМартин, Джордж Реймънд Ричард _eпърви автор _9258212 |
|
| 700 | 1 |
_aРусинов, Валерий Любенов _9117706 |
|
| 700 |
_aБожилов, Венцислав Божидаров _cТеодосиев, Стефан, 1968- (псевдоним) _d1968- _9367877 |
||
| 139 |
_aМартин, Джордж Реймънд Ричард _bМ 34 |
||
| 245 | 1 | 0 |
_aРицарят на седемте кралства _bИз света на Песен за огън и лед : Три новели _cДжордж Реймънд Ричард Мартин; прев. Валерий Любенов Русинов; прев. Венцислав Божидаров Божилов. |
| 257 | _aBGR | ||
| 260 |
_аСофия _bБард _c2013 _fХасково : Полиграфюг |
||
| 300 |
_a304 с. _c21 см |
||
| 380 | _aX | ||
| 500 | _aОриг. загл. Knight of the Seven Kingdoms / George R. R. Martin. | ||
| 653 | _aфентъзи | ||
| 653 | _aновели | ||
| 659 | _aН | ||
| 852 | _aЦб 210522 | ||
| 856 | 4 |
_qpdf _u |
|
| 856 | 4 |
_qpdf _u |
|
| 942 |
_cKNG _n0 |
||
| 944 |
_aCR _c27.01.2015 _lГеновева Генчева _k30560 |
||
| 944 |
_aED _c02.04.2015 _lф / _kЛюдмила_Стоянова |
||
| 999 |
_c162913 _d162913 |
||